000 00307nam a22001337a 4500
008 170601b xxu||||| |||| 00| 0 eng d
020 _a2900669216744
041 _aeng
080 _23RD
_a94
100 _a17
101 _aSHH
245 _aPETER THE GREAT TRANSFORMS RUSSIA
_cCRACRAFT,J
942 _2udc
_cBK
999 _c15310
_d15310